Vláda odklepla centrálnej banke rozšírenie dohľadu
Vláda schválila (jún 2005) novelu zákona o Národnej banke Slovenska (NBS). Centrálna banka bude od r. 2006 dohliadať aj nad poisťovňami, kapitálovým trhom a dôchodkovými správcami. Novinky v novele zákona o NBS Bratislava.
Salvato in:
| Natura: | Capitolo di libro |
|---|---|
| Lingua: | slovacco |
| Soggetti: | |
| Tags: |
Nessun Tag, puoi essere il primo ad aggiungerne!!
|
MARC
| LEADER | 00000naa$a2200000$$$4500 | ||
|---|---|---|---|
| 001 | 0031151 | ||
| 005 | 20231009081603.5 | ||
| 041 | 0 | |a slo | |
| 044 | |a SK | ||
| 245 | 1 | 0 | |a Vláda odklepla centrálnej banke rozšírenie dohľadu |
| 520 | |a Vláda schválila (jún 2005) novelu zákona o Národnej banke Slovenska (NBS). Centrálna banka bude od r. 2006 dohliadať aj nad poisťovňami, kapitálovým trhom a dôchodkovými správcami. Novinky v novele zákona o NBS Bratislava. | ||
| 610 | 2 | 0 | |a banky centrálne |
| 610 | 2 | 0 | |a zákony |
| 610 | 2 | 0 | |a novelizácia |
| 610 | 2 | 0 | |a dohľad bankový |
| 610 | 2 | 0 | |a poisťovne |
| 610 | 2 | 0 | |a trh kapitálový |
| 610 | 2 | 0 | |a spoločnosti správcovské dôchodkové |
| 610 | 2 | 0 | |a NBS Bratislava |